| 000 | 00582nam a2200205 4500 | ||
|---|---|---|---|
| 001 | 114257 | ||
| 003 | ES-MaACL | ||
| 005 | 20260525062931.0 | ||
| 007 | t| | ||
| 008 | 061121s1957 sp r ||||1| spa d | ||
| 100 | 1 |
_aPalacio Valdés, Armando, _d1853-1938 _988382 |
|
| 245 | 1 | 0 |
_aJosé / _cArmando Palacio Valdés. |
| 250 | _a4ª ed. | ||
| 260 |
_aMadrid : _bEspasa-Calpe, _c1957. |
||
| 300 |
_a151 p. ; _c18 cm. |
||
| 490 | 1 |
_aColección austral ; _v277 |
|
| 830 | 0 |
_aColección austral _v277 _9177655 |
|
| 852 |
_aES-MaACL _jC-13970 _bR.41063 |
||
| 999 |
_c114257 _d114257 |
||